CBSE SOLVED PAPERS-12 (Physics) (Record no. 12261)

MARC details
000 -LEADER
fixed length control field 00241nam a22000977a 4500
008 - FIXED-LENGTH DATA ELEMENTS--GENERAL INFORMATION
fixed length control field 230418b |||||||| |||| 00| 0 eng d
020 ## - INTERNATIONAL STANDARD BOOK NUMBER
International Standard Book Number 9789356349469
100 ## - MAIN ENTRY--PERSONAL NAME
Personal name Oswaal
9 (RLIN) 7599
245 ## - TITLE STATEMENT
Title CBSE SOLVED PAPERS-12 (Physics)
260 ## - PUBLICATION, DISTRIBUTION, ETC. (IMPRINT)
Place of publication, distribution, etc. New Delhi
Holdings
Withdrawn status Lost status Source of classification or shelving scheme Damaged status Koha normalized classification for sorting Not for loan Home library Current library Date acquired Total Checkouts Full call number Barcode Date last seen Price effective from Koha item type
    Dewey Decimal Classification   OSW_530_000000000000000   Good Samaritan School Library Good Samaritan School Library 04/18/2023   OSW530 OSW17535 04/18/2023 04/18/2023 BOOK

Powered by Koha